|
|
|
|
| LEADER |
00000cam a2200000 i 4500 |
| 003 |
Ucuenca |
| 005 |
20231024152659.0 |
| 006 |
a||||gr|||| 001 |a |
| 007 |
ta |
| 008 |
007052s2005 ec aaaagr|||| 101||aspa a |
| 040 |
|
|
|b spa
|
| 041 |
0 |
|
|a spa
|
| 082 |
0 |
|
|2 22
|a 920
|c Asi349
|
| 100 |
1 |
|
|a Aguilar Masaco, Ángel Braulio.
|9 110016
|e autor
|
| 245 |
1 |
0 |
|a Trotamundos:
|b autobiografía 1980 - 2005 /
|c Angel Braulio Aguilar Masaco.
|
| 250 |
|
|
|a Primera edición.
|
| 264 |
|
1 |
|a Loja:
|b Gráfica Amazonas,
|c 2005.
|
| 300 |
|
|
|a 74 páginas:
|b ilu
|c 15 cm
|
| 336 |
|
|
|2 rdacontent
|a texto
|b txt
|
| 337 |
|
|
|2 rdamedia
|a no mediado
|b n
|
| 338 |
|
|
|2 rdacarrier
|a volumen
|b nc
|
| 504 |
|
|
|a incl. bibind.
|
| 650 |
1 |
7 |
|a Autobiografía
|9 6267
|
| 852 |
|
|
|a UC-YANUNCAY
|
| 942 |
|
|
|c BK
|2 ddc
|r bladimir.cabrerar@ucuenca.edu.ec
|
| 999 |
|
|
|c 65345
|d 65345
|